Longest NFL Careers - Statistics

General Stats
  • This quiz has been taken 19 times
  • The average score is 6 of 25
Answer Stats
Years Career Last Team Player % Correct
23 2000-2022 Buccaneers Tom Brady
88%
21 2005- Steelers Aaron Rodgers
56%
20 2001-2020 Saints Drew Brees
56%
20 1991-2010 Vikings Brett Favre
44%
26 1949-1975 Raiders George Blanda
44%
25 1982-2007 Falcons Morten Andersen
44%
24 1996-2019 Colts Adam Vinatieri
38%
20 1985-2004 Seahawks Jerry Rice
38%
23 1982-2004 Titans Gary Anderson
31%
20 1983-2002 Commanders Darrell Green
25%
20 1960-1979 Vikings Jim Marshall
25%
22 1988-2009 Giants Jeff Feagles
19%
21 1956-1976 Dolphins Earl Morrall
13%
19 2007- Bills Matt Prater
13%
20 1976-1995 Rams Jackie Slater
6%
21 1992-2012 Lions Jason Hanson
6%
23 1987-2010 Saints John Carney
6%
21 1991-2011 Saints John Kasay
6%
20 2006- Broncos Marcedes Lewis
6%
20 1999-2018 Cardinals Phil Dawson
6%
22 1985-2006 Giants Sean Landeta
6%
21 1997-2007 Panthers Vinny Testaverde
6%
19 2004-2022 Cardinals Andy Lee
0%
21 2004-2024 Seahawks Jason Peters
0%
20 1990-2009 Patriots Junior Seau
0%
No matching quizzes found
Score Distribution
Percent of People with Each Score
Percentile by Number Answered
Your Score History
You have not taken this quiz